Statistics for Country by Landscape #5

Click here to take the quiz!

General Stats

  • This quiz has been taken 50 times
  • The average score is 5 of 16

Answer Stats

Answer% Correct
Netherlands
95%
Vietnam
62%
Namibia
59%
Sudan
49%
Paraguay
36%
Croatia
26%
Kazakhstan
26%
Poland
23%
Uruguay
21%
Guyana
15%
Armenia
10%
Belize
10%
Honduras
10%
Samoa
10%
Trinidad and Tobago
8%
F.S. Micronesia
3%

Score Distribution

Percentile by Number Answered

Percent of People with Each Score

Your Score History

You have not taken this quiz